00314nam a2200121Ia 450000500170000000800410001708200130005810000150007124500350008626000400012130000130016165000180017420250508045718.0240331s9999 xx 000 0 und d bBENa891 aBennett, G 0aAthaiyum thandi punithamanathu aChennaibSree Gomathi Achagamc1993 a190 p ., aShort Stories